Su excelencia Eugenio Rougon

保存先:
書誌詳細
第一著者: Zola, Emilio
フォーマット: 図書
言語:Undetermined
出版事項: Buenos Aires, Argentina Schapire 1966
主題:
タグ: タグ追加
タグなし, このレコードへの初めてのタグを付けませんか!

MARC

LEADER 00000nam a2200000Ia 4500
008 170316s9999 xx 000 0 und d
040 |a cru BVZT 
090 |a 840 Z-1su 
100 |a Zola, Emilio 
245 |a Su excelencia Eugenio Rougon 
260 |a Buenos Aires, Argentina 
260 |b Schapire 
260 |c 1966 
300 |a 377 páginas 
650 |a LITERATURA FRANCESA 
999 |c 8086  |d 8086 
942 |c 15 D  |h 840 Z-1su  |2 z